MDQL
is popping MORE tags! Check the
thread
!
Quizzes
Events
Quiz Creation
Community
Videos
Private Events
Remove Ads
Sign In
Join for FREE
Feedback
Dark Mode
Quiz Categories
Sports
Geography
Music
Movies
Television
Just For Fun
Miscellaneous
History
Literature
Language
Science
Gaming
Entertainment
Religion
Holiday
For Kids
Quiz Lab
Recent
Popular Today
Quiz Kudos Today
Editor Picks
Curator Picks
Quizzes by...
Day
Popularity
Type
Ratings
Length
Year
Community
Subscriptions
Recent Discussions
Orange Saloon
Badges
Playlists
Quests
Create
Leaderboards
Showdown
Live 5
Trivia Bingo
Activity
Puzzle Library
Sporcle Events
Private Events
Virtual Trivia
Globe League
Become a Host
Pub Owners
SporcleCon
Opinionation
Our Games
Videos
Blog
Mobile Apps
Partnerships
Remove Ads and Go Orange
Feedback
Language
Vocabulary
Begins and Ends
Definition
Spanish
French
German
Italian
Chinese
Latin
Translation
Japanese
Language
Vocabulary
Begins and Ends
Definition
Spanish
French
German
Italian
Chinese
Latin
Translation
Japanese
Random Quiz
Search Sporcle
×
Quiz Lab
Quiz Lab
Language
signal
Type in answers that appear in a list
Type in answers that appear in a list
Classic
Best Score? Go Orange.
Passe Compose vs. Imparfait Stats
Can you name the Passe Compose vs. Imparfait?
By
eldredgeben
20m
19 Questions
2,731 Plays
2,731 Plays
2,731 Plays
Comments
Comments
Give Quiz Kudos
Give Quiz Kudos
-
- Ratings
hide this ad
Forced Order
Answers have to be entered in order
Answers have to be entered in order
Random Order
Randomize order of answers
Randomize order of answers
Replay
Link that replays current quiz
Next Quiz
Link to next quiz in quiz playlist
You Got
0%
They Got
Avg Score
84%
Avg Friend Score
Upgrade to see
Score Distribution
Jump to the score distribution portion of the page
Score
0/19
Timer
20:00
0
Plays Today
Signal Word
Tense
% Correct
tous les jours
imparfait
89.3%
souvent
imparfait
88.6%
d'habitude
imparfait
88.6%
un jour
passe compose
88.5%
de temps en temps
imparfait
88.1%
hier
passe compose
87.7%
soudain (suddenly)
passe compose
87.6%
lundi (dernier), etc.
passe compose
87.5%
un-
weekend
passe compose
87.4%
parfois
imparfait
87.4%
Signal Word
Tense
% Correct
la semaine dernie`re
passe compose
87.3%
rarement
imparfait
87.3%
l'an dernier/
l'anee' dernie`re
passe compose
87.2%
dans le temps (in the past)
imparfait
87.1%
autrefois
imparfait
86.7%
le mois denier
passe compose
86.6%
le week-
end
imparfait
86.5%
le lundi
imparfait
86.4%
toujours
iparfait
19.9%
Quiz Playlist
Details
Report
Send in Message
Add To Playlist
Classic:
Type in answers that appear in a list
Forced Order:
Answers have to be entered in order
Random Order:
Randomize order of answers
Last Updated: Apr 9, 2017
Quiz Scoreboard
CHALLENGE
Sign Up to Join the Scoreboard
Show All
Scores
Hide
Comments
May contain spoilers
Recently Published
Holiday 10x10 Sorting Gallery
by lukepisani3
Holiday
15m
Two Season TV Shows II
by 123Four
Television
10m
Image Sorting: Flags VI
by Barbecue
Geography
2m
More to Explore
Quiz From the Vault
Featured Blog Post
14 Easter Pick-up Lines to Find Eggs With
hide this ad
You Might Also Like...
Tags
compose
imparfait
Passing
signal
tense
Today's Top Quizzes in Language
Browse Language
hide this ad
Today's Top Quizzes in signal
Browse signal
Top Contributed Quizzes in Language
1
What Word Starts All?
2
1-10 Letter F Words III
3
1-10 Letter G Words III
4
Weisst du, aus welchen Sprachen diese Wörter stammen?
5
1-10 Letter H Words III
6
Harry Potter book 6 chapters: English & Greek
7
Arabic Numerals
8
One Thing in Common: Italy
9
1-10 Letter I Words III
10
Celtic Nations in their Language
Explore More
Trending Topics
Anime
Kpop
Marvel
Disney
NBA
Harry Potter
Crossword
Soccer
Country
WWE
Puzzle
The Office
Pokémon
NFL
Song
hide this ad
More By:
eldredgeben
Quiz
Plays
Rating
Category
Featured
Created
Passe Compose vs. Imparfait
2,731
1.50
Language
May 4, 2010
Les Verbes Pronominaux
69
1.00
Language
May 4, 2010
Le Vocabulaire Universitaire
22
1.00
Language
May 4, 2010
Micahs of 6M!
22
1.00
Just For Fun
May 3, 2010
Infamous Micah Exploits
15
Just For Fun
May 4, 2010
Go to Creator's Profile
Score Distribution
Quiz Creator Spotlight
eldredgeben
Follow
Send a Message
Quizzes Created
-
Created Quiz Play Count
-
More By This Creator
Popular Quizzes Today
1
Find the US States - No Outlines Minefield
2
Colored Red Africa Blitz
3
Find the 'City' Movie
4
The Countries of the World
5
5x2 Blitz: Bands
6
Find the Countries of Europe - No Outlines Minefield
7
Find the US States
8
US States
More Language Quizzes
Find the 'L' Things
Published
Trending Quizzes
Colored Red Europe Blitz I
Colored Red Africa Blitz II
Colored Red Europe Blitz II
Even More Two Season TV Shows
Colored Red Africa Blitz III
Recently Updated
Quick Pick: 20 Twenties
pecheneg
March Madness Men's Triple Doubles
pecheneg
How Do You Spell That?
pecheneg
Godzilla Movies
pecheneg
Grab Bag: 4-10 Letters
pecheneg
2024 March Madness Bracket
pecheneg
Famous TV Couples
Peacemaker
Champions League XIs: Real Madrid
pecheneg
Largest US Cities 1790-2010
pecheneg
Rides in Walt Disney World
pecheneg
Trending Topics
Crossword
Kpop
Disney
Marvel
Harry Potter
NBA
Anime
Puzzle
WWE
Soccer
The Office
Pokémon
Song
Country
NFL
Your Account Isn't Verified!
In order to create a playlist on Sporcle, you need to verify the email address you used during registration. Go to your
Sporcle Settings
to finish the process.
Report this User
Report this user for behavior that violates our
Community Guidelines
.
Details:
Send Report
Go to the Sporcle.com Mobile Site →
Comments